Sústava miezd podľa zásluhy so základmi normovania práce v lesníctve

Na minha lista:
Detalhes bibliográficos
Formato: Livro
Idioma:eslovaco
Publicado em: Bratislava Oráč 1950
Tags: Adicionar Tag
Sem tags, seja o primeiro a adicionar uma tag!

MARC

LEADER 00000nam a2200000 4500
001 0308331
005 20250429102503.4
041 0 |a slo 
044 |a SK 
245 1 0 |a Sústava miezd podľa zásluhy so základmi normovania práce v lesníctve  |c Rudolf Jandel 
264 1 |a Bratislava  |b Oráč  |c 1950